Normal view
MARC view
Entry Topical Term
001 - CONTROL NUMBER
- control field: 4382
003 - CONTROL NUMBER IDENTIFIER
- control field: OSt
005 - DATE AND TIME OF LATEST TRANSACTION
- control field: 20150429161356.0
008 - FIXED-LENGTH DATA ELEMENTS
- fixed length control field: 150429|| aca||aabn | a|a d
040 ## - CATALOGING SOURCE
- Original cataloging agency: OSt
- Transcribing agency: OSt
150 ## - HEADING--TOPICAL TERM
- Topical term or geographic name entry element: Pediatric hematology.
670 ## - SOURCE DATA FOUND
- Source citation: Work cat.: (OSt)1658: Lanzkowsky, Philip, 1932- 4381, Pediatric hematology-oncology :, c1980.
